000 00213nam a2200085Ia 4500
008 120527s9999 xx 000 0 und d
100 _aBUDYANN,M.
245 _aBiology of hard tissue,proceedings of the
942 _cBK
999 _c24217
_d24217